|
|
|
|
| LEADER |
00920nam a2200229 a 4500 |
| 001 |
1372 |
| 005 |
20130730125807.0 |
| 008 |
130730s1976 nyu b i001 0 eng d |
| 010 |
|
|
|a 82231258
|
| 040 |
|
|
|a DLC
|c DLC
|d DLC
|d BD-DhAAL
|
| 050 |
0 |
0 |
|a K2000
|b .S87 1976
|
| 082 |
0 |
0 |
|a 344/.048
|2 19
|
| 245 |
0 |
0 |
|a Survey of contraceptive laws :
|b country profiles, checklists, and summaries.
|
| 260 |
|
|
|a [New York?] :
|b United Nations Fund for Population Activities,
|c 1976.
|
| 300 |
|
|
|a xi, 143 p. ;
|c 24 cm.
|
| 504 |
|
|
|a Includes bibliographical references and index.
|
| 650 |
|
0 |
|a Birth control
|x Law and legislation.
|9 2452
|
| 710 |
2 |
|
|a United Nations Fund for Pupulation Activities.
|9 2453
|
| 541 |
|
|
|e 1372
|
| 942 |
|
|
|2 ddc
|c BK
|
| 999 |
|
|
|c 13778
|d 13778
|
| 952 |
|
|
|0 0
|1 0
|2 ddc
|4 0
|6 344_048000000000000_SUR
|7 0
|9 23044
|a BRACUL
|b BRACUL
|c GEN
|d 2013-07-30
|g 0.00
|l 0
|o 344.048 SUR
|p 3010001372
|r 2013-07-30
|t 1
|w 2013-07-30
|y BK
|z Not price in Register
|